00629nam a22002297a 450000500170000001000130001702000100003003500130004003700160005304000120006908200180008110000230009924500500012224600440017226000530021627000160026930000200028565000200030565000320032565000240035765000180038120170123162327.0 aA-412273 c50.00 aA-412273 bCen Lib/Ret aDPLbUR aکbص ا د  aصادق حسین  aشہر اندر شہر /cصادق حسین  aShahar andar shahar /bby Sadiq Husain  bادارہ فارغ اردو c1988aلاہور  bلاہور  a168p.c20cm(Hb) aاردو ادب aاردو افسانے x  v aUrdu literature  aUrdu stories